|
|
|
|
| LEADER |
00000nab a2200000 a 4500 |
| 001 |
vtls011111859 |
| 003 |
SK-MaSNL |
| 005 |
20260303125156.0 |
| 008 |
230218|1966 xo |||||||||||||||||slo| |
| 015 |
|
|
|a SNBRB
|
| 035 |
|
|
|a (uuid)88272b03-ec32-469a-b9fe-d01d87a62a9f
|
| 035 |
|
|
|a (urnnbn)urn:nbn:sk:snk:ar-a08frr
|
| 035 |
|
|
|a urn:nbn:sk:snk-ab9id7
|
| 040 |
|
|
|a SNKBUCL
|b slo
|c SNKBUCL
|e AACR2
|
| 041 |
0 |
|
|a slo
|
| 044 |
|
|
|a xo
|c SK
|
| 100 |
1 |
|
|a Lazar, J.
|4 aut
|9 1139361
|
| 245 |
1 |
0 |
|a HLADINY VITAMÍNU A A □-KAROTÉNU PRI NIEKTORÝCH OCHORENIACH HOVÄDZIEHO DOBYTKA
|c J. Lazar, F. Jenčík, V. Machýček, J. Kováč, V. Ružík
|
| 700 |
1 |
|
|a Jenčík, F.
|4 aut
|9 776532
|
| 700 |
1 |
|
|a Machýček, V.
|4 aut
|9 1143340
|
| 700 |
1 |
|
|a Kováč, J.
|4 aut
|9 307527
|
| 700 |
1 |
|
|a Ružík, V.
|4 aut
|9 779660
|
| 773 |
0 |
|
|t Folia veterinaria
|g Roč. 10, č. 2 (1966), s. 25-33
|
| 954 |
|
|
|a odborná, vedecká literatúra pôvodná (slovenská)
|2 lita
|
| 958 |
|
|
|a OND
|
| 958 |
|
|
|a EUIPO
|
| 958 |
|
|
|a article13
|
| 999 |
|
|
|c 1933413
|d 1935343
|